| 000 | 00566cam a22002291 4500 | ||
|---|---|---|---|
| 001 | ne 66000328 | ||
| 003 | DLC | ||
| 005 | 20260227111820.0 | ||
| 008 | 890804m19581959xx 000 0 ara | ||
| 010 | _ane 66000328 | ||
| 035 | _a(OCoLC)23516507 | ||
| 040 |
_aDLC _cMiU _dDLC |
||
| 042 | _apremarc | ||
| 050 | 0 | 0 |
_aKRM1160 _b.Q23 1958 |
| 100 | 1 | _aQāḍī, Muḥammad Mukhtār. | |
| 245 | 1 | 0 | _aḤaqq al-mu'allif. |
| 260 | _c1958-59 | ||
| 300 |
_a2 v. _c24 cm. |
||
| 504 | _aBibliography: v. 1, p. [259]-261. | ||
| 505 | 1 | _a# | |
| 650 | 0 |
_aCopyright _zEgypt. |
|
| 999 |
_c48697 _d48697 |
||